| 000 | 01130pam a2200361 a 4500 | ||
|---|---|---|---|
| 999 |
_c2420 _d2420 |
||
| 003 | OSt | ||
| 005 | 20210709084651.0 | ||
| 008 | 880607s1988 enk b 001 0 eng c | ||
| 020 | _a019261617X : | ||
| 040 | _cALUPE UNIVERSITY | ||
| 050 | 0 | 0 |
_aRK701 _b.S48 1988 |
| 060 | _aQV 50 S521a | ||
| 100 | 1 | _aSeymour, R. A. | |
| 245 | 1 | 0 |
_aAdverse drug reactions in dentistry / _cR.A. Seymour, J.G. Walton. |
| 260 |
_aOxford ; _aNew York : _bOxford University Press, _c1988. |
||
| 300 |
_axv, 199 p. ; _c24 cm. |
||
| 440 | 0 | _aOxford medical publications | |
| 504 | _aIncludes bibliographical references and indexes. | ||
| 650 | 0 | _aDentistry. | |
| 650 | 0 |
_aDrugs _xSide effects. |
|
| 650 | 0 |
_aMouth _xEffect of drugs on. |
|
| 650 | 0 | _aDrug interactions. | |
| 650 | 2 | _aDentistry. | |
| 650 | 2 | _aDrug Interactions. | |
| 650 | 2 |
_aDrug Therapy _xadverse effects. |
|
| 650 | 2 |
_aDrugs _xadverse effects. |
|
| 650 | 2 |
_aMouth Diseases _xchemically induced. |
|
| 650 | 2 | _aPharmacology. | |
| 700 | 1 | _aWalton, J. G. | |
| 906 |
_a7 _bcbc _corignew _d1 _eocip _f19 _gy-gencatlg |
||
| 942 |
_2lcc _cBK _nPW |
||